Statistics for Candy Picture Quiz

Click here to take the quiz!

General Stats

  • This quiz has been taken 191 times
  • The average score is 8 of 15

Answer Stats

Answer% Correct
Jelly Beans
94%
Gummy Bears
84%
Nerds
83%
Reeses
81%
Skittles
77%
Twizzlers
71%
Sour Patch Kids
60%
Tootsie Rolls
59%
Kit Kats
51%
Hershey's
45%
Gobstoppers
28%
Cadberry Creme Eggs
25%
Taffy
11%
Sweetarts
4%
Lolipops
3%

Score Distribution

Percentile by Number Answered

Percent of People with Each Score

Your Score History

You have not taken this quiz